00476nam a2200157 4500001000700000003000900007005001700016007000300033008004100036100002100077245008100098260006100179300002800240700001900268852003100287109760ES-MaACL20230906184915.0t|061121s1964 xxu r ||||1| eng d1 aO'Neill, Eugene.10aA collection of critical essays / cEugene O'Neill ; edited by John Gassner. aEnglewood Cliffs (New Jersey) : bPrentice Hall, c1964. aVIII, 180 p. ; c21 cm.1 aGassner, John. aES-MaACLjG-8413 bR.66096